<?xml version="1.0" encoding="UTF-8"?>
<record
    xmlns:xsi="http://www.w3.org/2001/XMLSchema-instance"
    xsi:schemaLocation="http://www.loc.gov/MARC21/slim http://www.loc.gov/standards/marcxml/schema/MARC21slim.xsd"
    xmlns="http://www.loc.gov/MARC21/slim">

  <leader>01280nam a2200205Ia 4500</leader>
  <datafield tag="952" ind1=" " ind2=" ">
    <subfield code="0">0</subfield>
    <subfield code="1">0</subfield>
    <subfield code="4">0</subfield>
    <subfield code="7">0</subfield>
    <subfield code="a">18</subfield>
    <subfield code="b">18</subfield>
    <subfield code="d">2011-10-20</subfield>
    <subfield code="l">2</subfield>
    <subfield code="m">1</subfield>
    <subfield code="o">G156.5E2 M65 1998</subfield>
    <subfield code="p">18 001550</subfield>
    <subfield code="r">2018-02-08</subfield>
    <subfield code="s">2018-02-02</subfield>
    <subfield code="t">1</subfield>
    <subfield code="w">2012-06-26</subfield>
    <subfield code="y">LB</subfield>
  </datafield>
  <datafield tag="952" ind1=" " ind2=" ">
    <subfield code="0">0</subfield>
    <subfield code="1">0</subfield>
    <subfield code="4">0</subfield>
    <subfield code="7">0</subfield>
    <subfield code="a">18</subfield>
    <subfield code="b">18</subfield>
    <subfield code="d">2013-04-26</subfield>
    <subfield code="l">0</subfield>
    <subfield code="o">G156.5E2 M65 1998</subfield>
    <subfield code="p">18 001624</subfield>
    <subfield code="r">2013-04-26</subfield>
    <subfield code="t">2</subfield>
    <subfield code="w">2013-04-26</subfield>
    <subfield code="y">LB</subfield>
  </datafield>
  <datafield tag="999" ind1=" " ind2=" ">
    <subfield code="c">74657</subfield>
    <subfield code="d">74657</subfield>
  </datafield>
  <controlfield tag="008">120626s1998    mx            000 0 spa d</controlfield>
  <datafield tag="020" ind1=" " ind2=" ">
    <subfield code="a">9682456401</subfield>
  </datafield>
  <datafield tag="050" ind1=" " ind2=" ">
    <subfield code="a">G156.5E2</subfield>
    <subfield code="b">M56 1998</subfield>
  </datafield>
  <datafield tag="100" ind1="1" ind2=" ">
    <subfield code="a">Molina E., Sergio</subfield>
    <subfield code="e">autor</subfield>
  </datafield>
  <datafield tag="245" ind1="1" ind2="0">
    <subfield code="a">Turismo y ecolog&#xED;a</subfield>
    <subfield code="c"> / Sergio Molina E.</subfield>
  </datafield>
  <datafield tag="250" ind1=" " ind2=" ">
    <subfield code="a">6a. edici&#xF3;n</subfield>
  </datafield>
  <datafield tag="260" ind1="3" ind2=" ">
    <subfield code="a">M&#xE9;xico</subfield>
    <subfield code="b"> : Trillas</subfield>
    <subfield code="c">, 1998</subfield>
  </datafield>
  <datafield tag="300" ind1=" " ind2=" ">
    <subfield code="a">198 p&#xE1;ginas</subfield>
  </datafield>
  <datafield tag="490" ind1=" " ind2=" ">
    <subfield code="a">Trillas Turismo</subfield>
  </datafield>
  <datafield tag="500" ind1=" " ind2=" ">
    <subfield code="a">Incluye: &#xED;ndice de contenido, pr&#xF3;logo a la sexta edici&#xF3;n, pr&#xF3;logo, &#xED;ndice anal&#xED;tico, ap&#xE9;ndice, bibliograf&#xED;a</subfield>
  </datafield>
  <datafield tag="505" ind1=" " ind2=" ">
    <subfield code="a">Del origen de la vida a la sociedad cient&#xED;fico-tecnol&#xF3;gica
&#xBF;Hay l&#xED;mites para el desarrollo?
La contaminaci&#xF3;n del medio ambiente
El turismo: actividad renovadora
La calidad de los insumos: otra amenaza para el turismo
Del turista caminador al nuevo turista
Control gubernamental del medio ambiente
Breve introducci&#xF3;n a la ecolog&#xED;a y su relaci&#xF3;n con el turismo
Los proyectos y su papel en el desarrollo de una pol&#xED;tica ambiental
El estudio ecol&#xF3;gico en la metodolog&#xED;a de formulaci&#xF3;n de proyectos de inversi&#xF3;n tur&#xED;stica
L&#xED;mites ecol&#xF3;gicos del crecimiento tur&#xED;stico
Ecoturismo
Hacia un turismo sostenible</subfield>
  </datafield>
  <datafield tag="519" ind1=" " ind2=" ">
    <subfield code="a">Material Complementario / </subfield>
    <subfield code="d">( 18 001550, 18 001624)</subfield>
  </datafield>
  <datafield tag="650" ind1=" " ind2=" ">
    <subfield code="a">TURISMO </subfield>
  </datafield>
  <datafield tag="942" ind1=" " ind2=" ">
    <subfield code="c">LB</subfield>
  </datafield>
</record>
